[Event "DEN-chT U15 Girls"]
[White "Andersen, Emilie Frolund"]
[Black "Frolund, Liv"]
[Site "Skanderborg"]
[Round "1"]
[Result "1/2-1/2"]
[Date "2020.01.17"]
[WhiteElo "955"]
[BlackElo "1032"]
[PlyCount "123"]
[EventDate "2020.01.17"]
[EventType "swiss"]
[EventRounds "5"]
[EventCountry "DEN"]
[SourceTitle "EXT 2025"]
[Source "ChessBase"]
[SourceDate "2024.10.14"]
[SourceVersion "1"]
[SourceVersionDate "2024.10.14"]
[SourceQuality "1"]

1. e4 e5 2. Nf3 Nc6 3. Bb5 a6 4. Ba4 b5 5. Bb3 Bc5 6. c3 Nf6 7. d3 d5 8. h3 dxe4 9. dxe4 Qxd1+ 10. Bxd1 Nxe4 11. 0-0 0-0 12. Nbd2 Nxd2 13. Bxd2 e4 14. Ng5 Re8 15. Re1 f5 16. Bb3+ Kh8 17. Nf7+ Kg8 18. Bd5 Bd7 19. Nd6+ Kf8 20. Nxe8 Rxe8 21. b4 Be7 22. Bf4 Bxb4 23. cxb4 Nxb4 24. Bxc7 Nxd5 25. Bd6+ Kg8 26. Red1 Nc3 27. Rdc1 Ne2+ 28. Kh1 Nxc1 29. Rxc1 e3 30. fxe3 Rxe3 31. Rc7 Re1+ 32. Kh2 Be8 33. Bb4 Ra1 34. a3 a5 35. Bd6 f4 36. Rc8 Kf7 37. Rc7+ Ke6 38. Bf8 Bh5 39. Re7+ Kf6 40. Rxg7 Rxa3 41. Rxh7 Bg6 42. Be7+ Ke6 43. Rg7 Ra2 44. Rxg6+ Kxe7 45. Rg7+ Kf6 46. Rc7 Re2 47. h4 f3 48. Rc6+ Re6 49. Rc5 fxg2 50. Rxb5 Ra6 51. Kxg2 a4 52. h5 Kg7 53. Rb7+ Kh6 54. Rb5 a3 55. Rb1 Kxh5 56. Kf2 Kg4 57. Ke3 Kg3 58. Kd2 Kf3 59. Ra1 Ke4 60. Kc3 Rc6+ 61. Kb3 Kd3 62. Rxa3 1/2-1/2